000 00603nam a2200205Ia 4500
003 GCL
008 140319s9999 xx 000 0 ara d
040 _aGCL /
_cGCL
082 0 4 _a272.2
_bش ق
100 1 _aشفيق مقار
245 1 0 _aقراءة سياسي للتوراة /
_cشفيق مقار
490 _aالهيئة العامة للاستعلامات
_v0
650 0 4 _aاليهودية
650 0 4 _aالعهد القديم
650 0 4 _aالتوراة
650 0 4 _aالصهيونية
650 0 4 _aاليهود
650 0 4 _aالعهد القديم , تفسير
942 _2ddc
_cBK
999 _c48438
_d48438